Govt. of
Madhya Pradesh

Teaching on Love (Record no. 14193)

MARC details
000 -LEADER
fixed length control field 004940000a22001930004500
001 - CONTROL NUMBER
control field 002281
003 - CONTROL NUMBER IDENTIFIER
control field MACL
005 - DATE AND TIME OF LATEST TRANSACTION
control field 20150913155304.0
008 - FIXED-LENGTH DATA ELEMENTS--GENERAL INFORMATION
fixed length control field 150913b xxu||||| |||| 00| 0 eng d
040 ## - CATALOGING SOURCE
Original cataloging agency MACL
Transcribing agency MACL
041 ## - LANGUAGE CODE
Language code of text/sound track or separate title English
082 ## - DEWEY DECIMAL CLASSIFICATION NUMBER
Classification number 823/HAN
100 ## - MAIN ENTRY--PERSONAL NAME
Personal name Hanh, Thich nhat
9 (RLIN) 10908
245 ## - TITLE STATEMENT
Title Teaching on Love
Remainder of title Nobel Peace Prize Nominee
Statement of responsibility, etc. Thich nhat Hanh
260 ## - PUBLICATION, DISTRIBUTION, ETC. (IMPRINT)
Place of publication, distribution, etc. New Delhi
Date of publication, distribution, etc. 2005
Name of publisher, distributor, etc. Full Circle,
350 ## - PRICE (NR) (BK AM CF MU VM SE) [OBSOLETE]
Price 125
650 ## - SUBJECT ADDED ENTRY--TOPICAL TERM
Topical term or geographic name as entry element Literature
9 (RLIN) 10909
942 ## - ADDED ENTRY ELEMENTS (KOHA)
Call number prefix 823
Koha item type Books
Source of classification or shelving scheme
Holdings
Withdrawn status Lost status Source of classification or shelving scheme Damaged status Not for loan Home library Current library Date acquired Cost, normal purchase price Total Checkouts Total Renewals Full call number Barcode Date last seen Date last checked out Uniform Resource Identifier Price effective from Koha item type
          MACL MACL 13/09/2015 125.00 4 2 823/HAN CRE019348 02/05/2024 07/12/2022 14076 15/04/2015 Books